书目信息 |
| 题名: |
SSL与远程接入VPN
|
|
| 作者: | 弗拉海, , 黄, 著 ;王喆 , 罗进文 , 白帆 译 | |
| 分册: | ||
| 出版信息: | 北京 人民邮电出版社 2009.03 |
|
| 页数: | 272页 | |
| 开本: | 24cm | |
| 丛书名: | ||
| 单 册: | ||
| 中图分类: | TP393 | |
| 科图分类: | ||
| 主题词: | 计算机网络--Ji Suan Ji Wang Luo--基本知识 | |
| 电子资源: | ||
| ISBN: | 978-7-115-19639-2 | |
| 000 | 01441nam0 2200301 450 | |
| 001 | 0011142248 | |
| 005 | 20100607102518.68 | |
| 010 | @a978-7-115-19639-2@dCNY45.00 | |
| 100 | @a20100515d2009 em y0chiy0110 ea | |
| 101 | 1 | @achi@ceng |
| 102 | @aCN@b110000 | |
| 105 | @aa z 000yy | |
| 200 | 1 | @aSSL与远程接入VPN@ASSL yu yuan cheng jie ru VPN@d= SSL remote access VPNs@f(美) Jazib Frahim, Qiang Huang著@F(mei)Jazib Frahim,Qiang Huang zhu@g王喆, 罗进文, 白帆译@Gwang zhe,luo jin wen,bai fan yi@zeng |
| 210 | @a北京@c人民邮电出版社@d2009.03 | |
| 215 | @a272页@c图@d24cm | |
| 306 | @a本书中文简体字版由美国Cisco Press授权人民邮电出版社出版。 | |
| 314 | @a著者规范汉译姓:取自版权页 | |
| 330 | @a本书提供了对SSL VPN技术的全面指导,并讨论了如何在能够使用Cisco SSL VPN的设置上实现SSL VPN。全书内容可分为3个部分,第1部分包括第1章和第2章,概述了远程访问VPN技术,并介绍了SSL VPN技术;第2部分包括第3章和第4章,介绍了基于不同设计考虑的Cisco SSL VPN产品系列;第3部分包括第5章、第6章和第7章,介绍了构成SSL VPN解决方案的各组件的安装、配置、部署和故障排除。 | |
| 500 | 10 | @aSSL remote access VPNs@mChinese |
| 606 | 0 | @a计算机网络@AJi Suan Ji Wang Luo@x基本知识 |
| 690 | @aTP393@v4 | |
| 701 | 1 | @a弗拉海, @Afu la hai@g(Frahim, Jazib)@4著 |
| 701 | 1 | @a黄,@Ahuang@g(Huang, Qiang)@4著 |
| 702 | 0 | @a王喆@Awang zhe@4译 |
| 702 | 0 | @a罗进文@Aluo jin wen@4译 |
| 702 | 0 | @a白帆@Abai fan@4译 |
| 801 | 0 | @aCN@c20100515 |
| 905 | @dTP393@eF590@f3 | |
| SSL与远程接入VPN= SSL remote access VPNs/(美) Jazib Frahim, Qiang Huang著/王喆, 罗进文, 白帆译.-北京:人民邮电出版社,2009.03 |
| 272页:图;24cm |
| ISBN 978-7-115-19639-2:CNY45.00 |
| 本书提供了对SSL VPN技术的全面指导,并讨论了如何在能够使用Cisco SSL VPN的设置上实现SSL VPN。全书内容可分为3个部分,第1部分包括第1章和第2章,概述了远程访问VPN技术,并介绍了SSL VPN技术;第2部分包括第3章和第4章,介绍了基于不同设计考虑的Cisco SSL VPN产品系列;第3部分包括第5章、第6章和第7章,介绍了构成SSL VPN解决方案的各组件的安装、配置、部署和故障排除。 |
| ● |
| 相关链接 |
|
|
|
正题名:SSL与远程接入VPN
索取号:TP393/F590
 
预约/预借
| 序号 | 登录号 | 条形码 | 馆藏地/架位号 | 状态 | 备注 |
| 1 | 985952 | 209859526 | 自科二线404/404自科库 16排6列5层/ [索取号:TP393/F590] | 在馆 | |
| 2 | 985953 | 209859535 | 自科库301/301自科库 114排2列6层/ [索取号:TP393/F590] | 在馆 | |
| 3 | 985954 | 209859544 | 自科库301/301自科库 114排2列6层/ [索取号:TP393/F590] | 在馆 |